000
00247nam a2200085Ia 4500
008
160329s9999 xx 000 0 und d
245
_a
Computing Research Repository (CoRR),
650
_a
Information Technology.
856
_u
http://arxiv.org/corr/home
999
_c
292985
_d
292985